<?xml version="1.0" encoding="UTF-8"?>
<collection xmlns="http://www.loc.gov/MARC21/slim">
 <record>
  <leader>01782nam a2200241 a 4500</leader>
  <controlfield tag="001">1/44506</controlfield>
  <controlfield tag="008">140520s2011    gr            001 0 gre d</controlfield>
  <datafield tag="020" ind1=" " ind2=" ">
   <subfield code="a">9789609992312</subfield>
  </datafield>
  <datafield tag="035" ind1=" " ind2=" ">
   <subfield code="l">47458</subfield>
  </datafield>
  <datafield tag="040" ind1=" " ind2=" ">
   <subfield code="a">GR-PeUP</subfield>
  </datafield>
  <datafield tag="082" ind1="0" ind2="0">
   <subfield code="a">336.271' 4 ΦΟΡ</subfield>
  </datafield>
  <datafield tag="245" ind1="0" ind2="0">
   <subfield code="a">Φόρος προστιθέμενης αξίας Ν.2859/2000, ΦΕΚ Α 248/7.11.2000 :</subfield>
   <subfield code="b">επεξηγήσεις - αναλύσεις - ειδικά ζητήματα - παραδείγματα /</subfield>
   <subfield code="c">Ευάγγελος Παυλάτος, Δώρα Τριαντοπούλου, Ελένη Ανδρέου, Αντωνία Βασιλάκη, Έφη Δημητρακοπούλου.</subfield>
  </datafield>
  <datafield tag="260" ind1=" " ind2=" ">
   <subfield code="a">Αθήνα :</subfield>
   <subfield code="b">AST BOOKS,</subfield>
   <subfield code="c">2011.</subfield>
  </datafield>
  <datafield tag="300" ind1=" " ind2=" ">
   <subfield code="a">1214 σ. ;</subfield>
   <subfield code="c">23 εκ.</subfield>
  </datafield>
  <datafield tag="500" ind1=" " ind2=" ">
   <subfield code="a">Περιέχει ευρετήριο.</subfield>
  </datafield>
  <datafield tag="500" ind1=" " ind2=" ">
   <subfield code="a">Στο βιβλίο περιλαμβάνονται : 1. Επεξηγήσεις - Αναλύσεις - Ειδικά ζητήματα - Παραδείγματα ανά άρθρο (στα σημαντικότερα του Κώδικα Φόρου Προστιθέμενης Αξίας). 2. Περιέχονται 350 παραδείγματα κατανεμημένα σε όλα τα άρθρα. 3. Αναλυτικό αλφαβητικό ευρετήριο το οποίο περιλαμβάνει 5800 λέξεις-κλειδιά.</subfield>
  </datafield>
  <datafield tag="650" ind1=" " ind2="4">
   <subfield code="a">Φόρος Προστιθέμενης Αξίας.</subfield>
  </datafield>
  <datafield tag="650" ind1=" " ind2="4">
   <subfield code="a">Φορολογία.</subfield>
  </datafield>
  <datafield tag="700" ind1="1" ind2=" ">
   <subfield code="a">Παυλάτος, Ευάγγελος.</subfield>
  </datafield>
  <datafield tag="700" ind1="1" ind2=" ">
   <subfield code="a">Τριαντοπούλου, Δώρα.</subfield>
  </datafield>
  <datafield tag="700" ind1="1" ind2=" ">
   <subfield code="a">Ανδρέου, Ελένη.</subfield>
  </datafield>
  <datafield tag="852" ind1=" " ind2=" ">
   <subfield code="a">INST</subfield>
   <subfield code="b">UNIPILB</subfield>
   <subfield code="c">MAIN</subfield>
   <subfield code="e">20140520</subfield>
   <subfield code="h">336.271' 4 ΦΟΡ</subfield>
   <subfield code="p">00171081</subfield>
   <subfield code="q">00171081</subfield>
   <subfield code="t">LOAN</subfield>
   <subfield code="y">0</subfield>
   <subfield code="4">1</subfield>
  </datafield>
  <datafield tag="856" ind1="4" ind2="1">
   <subfield code="u">http://www.astbooks.gr/</subfield>
  </datafield>
 </record>
</collection>
